[Event "EU-ch 1st"]
[Site "Saint Vincent"]
[Date "2000.07.06"]
[Round "4"]
[White "Milov, Vadim"]
[Black "Godena, Michele"]
[Result "1-0"]
[WhiteElo "2626"]
[BlackElo "2485"]
[Annotator "Lutz,C"]
[PlyCount "173"]
[EventDate "2000.07.03"]
[EventType "swiss"]
[EventRounds "11"]
[EventCountry "ITA"]
[SourceTitle "CBM 078"]
[Source "ChessBase"]
[SourceDate "2000.10.18"]
[SourceVersion "1"]
[SourceVersionDate "2000.10.18"]
[SourceQuality "1"]

1. d4 {Hecht} d5 2. c4 e6 3. Nc3 c6 4. e3 Nf6 5. Nf3 Nbd7 6. Bd3 Bd6 7. e4 {
Zu den Eröffnungsfeinheiten dieser Variante siehe die Partie Bareev,E-Anand,V 
(Dortmund 2000) in der gleichen Ausgabe !} dxe4 8. Nxe4 Nxe4 9. Bxe4 e5 10. O-O
exd4 11. Qxd4 Qf6 12. Rd1 Bc7 $6 {Mir erschient 12...Le7 natürlicher.} (12...
Be7 {1/2-1/2 Bareev,E-Anand,V/Dortmund 2000/CBM 78/[Lutz] (61)}) 13. Bg5 (13.
Qe3 Bb6 (13... O-O 14. Ng5 $5) 14. Qe2 O-O) 13... Qxd4 14. Nxd4 h6 {Schwarz
wird sich sicherlich nicht leichten Herzens zu der nun folgenden Schwächung
des Königsflügels entschlossen haben, aber sein Wahl war sehr eingeschränkt:} (
14... O-O 15. Nxc6 (15. Nf5 $14) 15... bxc6 16. Bxc6 Nb6 17. Bxa8 Nxa8 18. b4
$16) (14... Nc5 15. Re1 Be6 (15... Ne6 16. Bf5 $16) 16. Nxe6 Nxe6 17. Bf5 h6
18. Bd2 Ke7 19. Bc3 $16) 15. Bh4 g5 16. Bg3 Bxg3 17. hxg3 Nc5 (17... Nf6 18.
Bf5 O-O 19. Bxc8 Raxc8 20. Nf5 $36) 18. Bf5 (18. Bc2 a5 19. Re1+ (19. Nf5 Bxf5
20. Bxf5 Ke7 $11) 19... Be6 20. Re5 Nd7 21. Re2 Nc5 22. Nxe6 fxe6 $14 (22...
Nxe6 23. Bf5)) 18... Ne6 (18... O-O 19. b4 Na4 20. Bxc8 Rfxc8 21. Nf5 $16) 19.
Re1 Ke7 20. Bc2 Kf6 21. Nf5 b6 22. Rad1 Ba6 23. Nd6 (23. Ne3) 23... c5 24. Re3
$6 {Die weißen Figuren stehen aktiv und es erstaunt, dass Schwarz noch nicht
direkt verliert. Die Stellung des Nachziehenden hängt an einem seidenen Haar -
nämlich dem Feld d4 für seinen Springer. Der Textzug fühlt sich nicht richtig
an.} (24. Rd5 $5 {ist vielleicht besser, damit der Turm nicht durch ...Sd4 vom
Spielgeschehen abgeschnitten wird.} Rhf8 (24... Nd4 25. Bd3 Rad8 (25... Bc8 26.
Ne8+ Rxe8 27. Rxe8 $18) 26. b4 $16) 25. Re3 Nd4 26. Be4 $16 {nebst Ra3}) 24...
Nd4 25. Ra3 Nxc2 26. Rxa6 Rhd8 {Jetzt sollte Schwarz das Gröbste überstanden
haben. Weiß muss aufpassen, dass nicht der Ra6 außer Spiel gerät.} 27. Rd5 Nb4
28. Ne4+ Ke7 29. Rxd8 Kxd8 30. Ra3 Ke7 31. g4 Ke6 $2 {In wahrscheinlich
beiderseitiger Zeitnot werden nun ein paar Schnitzer eingestreut, mit der
Schwarz seine bisherige Verteidigungsarbeit wieder zunichte macht.} (31... Nc6
$11 {nebst ...Nd4 sollte das Gleichgewicht halten.}) 32. Re3 Nxa2 $2 (32... Kd7
33. Rh3 $16) 33. Nxc5+ $2 (33. Nc3+ $18) 33... Kf6 34. Nd7+ Kg7 35. Ra3 Nc1 36.
Nxb6 Rb8 37. Nd5 Rxb2 38. Rxa7 $16 Nd3 39. f3 Rb1+ 40. Kh2 Rc1 41. Ne3 Nf4 42.
Nf5+ Kg6 43. Ra6+ Ne6 44. Rc6 h5 45. Ne7+ Kf6 46. Nd5+ Kg6 47. gxh5+ Kxh5 48.
Nc7 g4 49. Nxe6 fxe6 50. f4 Kh4 51. g3+ Kh5 52. Rc8 (52. Rxe6 {Hecht} Rh1+ 53.
Kg2 Rg1+ 54. Kf2 Rf1+ $11) (52. c5 {Hecht} Rc2+ 53. Kg1 e5 54. fxe5 Kg5 55. Kf1
Kf5 56. e6 Kf6 57. Ke1 Rg2 58. Rd6 Rxg3 59. Kd2 Ke7 $11) 52... Rc2+ 53. Kg1 Kg6
54. Rc5 Kf6 55. Kf1 Rc3 56. Kf2 Rf3+ 57. Kg2 Rc3 58. Rg5 Rc2+ 59. Kg1 Rxc4 60.
Rxg4 {Hecht: '[#] '} Rc2 {'?!' Hecht. Hecht: 'Schwarz läßt das klare Remis aus,
das in der Bauernauflösung e5 bestand. Das geht nicht sofort, weil e5 mit
Schach fallen würde. Daher: '} (60... Re4 {Hecht} 61. Kg2 (61. Rg5 e5 62. Rxe5
Rxe5 63. fxe5+ Kxe5 64. Kg2 Kf5 65. Kh3 Kg5 $11) (61. Rg8 e5 62. Re8 Re3 $1 (
62... Kf5 $2 63. Kf2 $1 exf4 (63... Kg4 64. Rxe5 Rxe5 65. fxe5 Kf5 66. Kf3 Kxe5
67. Kg4 Kf6 68. Kh5 Kg7 69. Kg5 $18) (63... Kf6 64. Kf3 $18) 64. g4+ $18) 63.
Kf2 exf4 $11) 61... e5 62. fxe5+ (62. Kf3 Re1 $11) 62... Rxe5 $11) 61. Rg5 Ra2
62. Kf1 Rb2 63. Re5 Ra2 64. Re2 Ra5 65. Kg2 Kf5 (65... e5 {Hecht} 66. Rxe5 Rxe5
67. fxe5+ Kxe5 68. Kh3 Kf5 69. Kh4 Kg6 70. Kg4 $18) 66. Kh3 Kf6 67. Kg4 Ra3 68.
Re4 Rb3 69. Kh4 Rb1 70. g4 Rh1+ 71. Kg3 Rg1+ 72. Kf3 Rf1+ 73. Kg2 Ra1 74. Re5
Ra3 75. Kf2 Rb3 76. g5+ Kf7 77. Re3 Rb1 78. Kf3 Ra1 79. Kg4 Ra4 {Hecht: 'Ob
dieses Turmendspiel zu halten ist und wenn ja, wie, ist genauer zu untersuchen.
Besser erscheint mir jedenfalls der Angriff auf die Bauern von hinten. '} (
79... Rf1 $142 {Hecht} 80. Re2 Ke7 81. Rh2 Rg1+ (81... Kf7 82. Rh7+ Kf8 83. g6
Rg1+ 84. Kh5 e5 85. Rf7+ $18) 82. Kf3 Kf7 83. Rh7+ Kg6 84. Re7 Re1 85. Kf2 Re4
86. Kg3 Re1 87. Kf3 Rf1+ 88. Ke4 Re1+ 89. Kd4 Re2 $13) 80. Re5 Rb4 81. Ra5 Rc4
82. Ra7+ Kf8 (82... Kg6 {Hecht} 83. Re7 Re4 84. Rxe6+ Rxe6 85. f5+ Kf7 86.
fxe6+ Kxe6 87. Kh5 Kf7 88. Kh6 Kg8 89. Kg6 $18) 83. Kf3 Rb4 84. g6 Rb5 85. Rf7+
Kg8 (85... Ke8 {Hecht} 86. Kg4 Ra5 87. Rf6 (87. f5 $18) 87... Ke7 88. g7 Ra8
89. Kg5 $18) 86. Re7 Rb6 87. Kg4 1-0

[Event "RUS-ch"]
[Site "Elista"]
[Date "1996.??.??"]
[Round "1"]
[White "Shcherbakov, Ruslan"]
[Black "Shabanov, Yuri"]
[Result "1-0"]
[WhiteElo "2555"]
[BlackElo "2405"]
[Annotator "Lutz,C"]
[PlyCount "53"]
[EventDate "1996.10.15"]
[EventType "swiss"]
[EventRounds "11"]
[EventCountry "RUS"]
[SourceTitle "CBM 056"]
[Source "ChessBase"]
[SourceDate "1997.02.01"]
[SourceVersion "1"]
[SourceVersionDate "1997.02.01"]
[SourceQuality "1"]

1. d4 d5 2. c4 c6 3. Nf3 Nf6 4. Nc3 e6 5. e3 Nbd7 6. Bd3 Bd6 7. e4 dxe4 8. Nxe4
Nxe4 9. Bxe4 h6 10. O-O O-O 11. Bc2 e5 12. Re1 Bb4 13. Bd2 Bxd2 14. Qxd2 exd4
15. Qxd4 Qb6 $5 16. Qc3 a5 $6 (16... c5 $5 {1/2-1/2 Makarov,M-Shabanov,Y/
RUS-ch 1996 (41)}) 17. Rad1 Nf6 18. Rd6 Qb4 19. Qe5 Qxc4 $2 (19... Bg4 $5 {
/\ ...Rae8} 20. a3 (20. Rxf6 $2 Rae8 $17) 20... Qxc4 21. Bd3 Qa4 $13 22. Rxf6
$141 Rae8 23. Qg3 Bxf3 24. Rxe8 Rxe8 25. gxf3 Qd1+ 26. Bf1 Re1 $19) 20. Bd3 Qg4
21. h3 Qh5 22. Qg3 $1 {/\ Rf6, /\ Re5} Nd5 $6 (22... Nd7 $142 23. Re7 $16 {
/\ Rdd7} Rd8 24. Bc4) 23. Re5 $18 f5 24. Rg6 Rf7 25. Re8+ Kh7 26. Ne5 Rc7 27.
f4 $1 (27. f4 $1 b6 28. Be2 Qxe2 29. Rxh6+ {/\ Qg6}) 1-0

[Event "RUS-ch"]
[Site "Elista"]
[Date "1996.??.??"]
[Round "9"]
[White "Zvjaginsev, Vadim"]
[Black "Galkin, Alexander"]
[Result "1/2-1/2"]
[WhiteElo "2590"]
[BlackElo "2425"]
[Annotator "Lutz,C"]
[PlyCount "85"]
[EventDate "1996.10.15"]
[EventType "swiss"]
[EventRounds "11"]
[EventCountry "RUS"]
[SourceTitle "CBM 056"]
[Source "ChessBase"]
[SourceDate "1997.02.01"]
[SourceVersion "1"]
[SourceVersionDate "1997.02.01"]
[SourceQuality "1"]

1. d4 d5 2. c4 c6 3. e3 Nf6 4. Nc3 e6 5. Nf3 Nbd7 6. Qc2 Bd6 7. Bd3 O-O 8. O-O
dxc4 9. Bxc4 b5 10. Be2 Bb7 11. Rd1 Qc7 12. b3 (12. a3 a6 13. b4 a5 14. Rb1
axb4 15. axb4 Nd5 16. e4 $5 Nxb4 17. Qb3 $44 {/\ Bb5} Na6 (17... Qa5 18. Bd2) (
17... Ba6 18. Ba3) (17... Be7 $5) 18. Bxb5 $1 Rab8 (18... cxb5 19. Nxb5 Qb6 20.
Nxd6 Qxd6 21. e5 $1 (21. Qxb7 $2 Rfb8) 21... Qe7 22. Qxb7 Rfb8 23. Qe4) 19. Bc4
$14 {1-0 Vyzmanavin,A-Mikhalchishin,A/Lvov zt 1990 (42)}) (12. h3 Rfe8 13. a3
a6 14. b4 a5 15. Bb2 axb4 16. axb4 Nd5 $1 17. Nxd5 exd5 $15 {[%csl Rb2,Rb4] ><
b2, b4 ; 0-1 Grooten,H-Novikov,I/Antwerpen op 1996 (42)}) 12... Rac8 (12... e5
13. h3 Rfe8 14. Bb2 a6 15. dxe5 Nxe5 16. a4 $14 {1-0 Karpov,A-Shirov,A/Biel
1992 (31)}) 13. Bb2 Qb8 $5 {/\ ...a6, ...c5} 14. Ne4 Nxe4 15. Qxe4 c5 16. Qh4
c4 17. Rdc1 Nf6 $1 {/\ ...Bd5} 18. d5 $5 (18. bxc4 bxc4 19. Nd2 (19. Bxc4 $2
Bxf3 $19) 19... Bxg2 $1) 18... Nxd5 19. bxc4 bxc4 20. Bxc4 Be7 21. Qg3 Qxg3 $11
22. hxg3 Nb6 23. Bb3 Rxc1+ 24. Rxc1 Rc8 25. Rxc8+ Bxc8 26. Bd4 f6 27. e4 Kf7
28. g4 Bb7 29. e5 Bd8 30. Kf1 a5 31. exf6 gxf6 32. Nd2 Nd5 33. f3 Nb4 34. a3
Ba6+ 35. Bc4 Nc2 36. Bf2 Bxc4+ 37. Nxc4 a4 38. Bc5 Be7 39. Bxe7 Kxe7 40. Ke2
Nd4+ 41. Kd3 Nb5 42. f4 Kf7 43. Ke4 1/2-1/2

[Event "Dortmund SuperGM"]
[Site "Dortmund"]
[Date "2000.07.10"]
[Round "4"]
[White "Bareev, Evgeny"]
[Black "Anand, Viswanathan"]
[Result "1/2-1/2"]
[WhiteElo "2702"]
[BlackElo "2762"]
[Annotator "Lutz,C"]
[PlyCount "122"]
[EventDate "2000.07.07"]
[EventType "tourn"]
[EventRounds "9"]
[EventCountry "GER"]
[EventCategory "17"]
[SourceTitle "CBM 078"]
[Source "ChessBase"]
[SourceDate "2000.10.18"]
[SourceVersion "1"]
[SourceVersionDate "2000.10.18"]
[SourceQuality "1"]

1. d4 d5 2. c4 c6 3. Nf3 Nf6 4. Nc3 e6 5. e3 Nbd7 6. Bd3 Bd6 {Eigentlich gilt
dieser Zug als eher beschwerlich, aber Anand hat eine neue alte Idee
wiederentdeckt.} 7. e4 {Dass Bareev sofortiges 7.e4 (statt 7.0-0 0-0 8.e4)
spielt, zeigt den Respekt vor Anands neuer Idee.} (7. O-O O-O 8. e4 dxc4 (8...
dxe4 9. Nxe4 Nxe4 10. Bxe4 h6 (10... e5 $2 11. dxe5 Nxe5 12. Nxe5 Bxe5 13.
Bxh7+ Kxh7 14. Qh5+ Kg8 15. Qxe5 $16) 11. Bc2 e5 12. Re1 $14 {ist die alte
Hauptvariante dieses Systems.}) 9. Bxc4 e5 {ist die Variante, die Anand
anwenden wollte, z.B.} 10. Bg5 Qe7 11. Re1 Rd8 12. Qb3 $5 exd4 13. e5 Nxe5 14.
Ne4 $5 b5 $1 15. Nxd6 Nxf3+ 16. Qxf3 Qxd6 17. Bxb5 Bd7 18. Bd3 Re8 19. h3 Nd5
$17 {0-1 Lautier,J-Anand,V/Monaco 2000/CBM 75/[Lutz] (72)}) 7... dxe4 $1 {
Durch die weiße Zugfolge ist 7...dxc4 verhindert.} (7... dxc4 $6 8. Bxc4 e5 9.
dxe5 Nxe5 10. Nxe5 Bxe5 11. Qxd8+ Kxd8 12. Bxf7 Bxc3+ 13. bxc3 Nxe4 14. O-O $14
) 8. Nxe4 Nxe4 9. Bxe4 e5 {Hier zeigt sich ein Nachteil von sofortigem 7.e4:
Jetzt kann Schwarz diesen Zug ohne Vorbereitung von ...h7-h6 spielen. Weiß
verbleibt dennoch mit einer leichten Initiative.} 10. O-O exd4 11. Qxd4 Qf6 12.
Rd1 (12. Bg5 Qxd4 13. Nxd4 Nc5 14. Bf5 O-O 15. Rad1 Re8 16. Be3 {1/2-1/2
Akopian,V-Anand,V/Dortmund 2000/CBM 78 (16)}) 12... Be7 (12... Qxd4 13. Nxd4
Bc7 14. Nf5 g6 15. Nd6+ Bxd6 16. Rxd6 Nc5 17. Bf3 Be6 18. Bg5 O-O 19. Rc1 Bf5
20. Rd2 Ne4 21. Bxe4 Bxe4 {1/2-1/2 Bagaturov,G-Anastasian,A/Protvino 1993/CBM
35 (21)}) (12... Bc7 {1-0 Milov,V-Godena,M/Saint Vincent 2000/CBM 78/[Lutz] 
(87)}) 13. Be3 Qxd4 14. Nxd4 Nf6 15. Bc2 O-O 16. h3 Re8 17. Nf5 Bxf5 18. Bxf5
$14 {Mit dem Läuferpaar kann Weiß risikolos auf Gewinn spielen, aber Anand
verteidigt sich zäh.} Bf8 19. Bc2 a6 20. Rac1 Rad8 21. Rxd8 Rxd8 22. g4 g6 23.
Kg2 Ne8 24. f4 Be7 25. Kf3 Ng7 26. f5 Ne8 27. Re1 Rd7 28. Re2 (28. fxg6 $5 $14
{ist beachtenswert, um dem Lc2 etwas mehr Luft zu geben und so die Stärke des
Läuferpaares zu betonen.}) 28... g5 29. b3 f6 30. c5 a5 31. Rd2 Rxd2 32. Bxd2
Bxc5 33. Bxa5 Nd6 {Anand hat eine Defensivaufstellung gefunden: Der Springer
verteidigt die Felder c4 und e4, während der Läufer die Diagonale g1-a7
kontrolliert.} 34. a4 Bd4 35. Bc7 (35. b4 Bc3 $1) 35... Bc5 36. Ba5 Bd4 37. Be1
Kf8 38. Ke2 Ke7 39. Kd3 Bg1 40. b4 h6 41. Bb3 Ba7 42. Be6 Bg1 43. h4 Ba7 44. h5
Bg1 45. Bc3 Bf2 46. Bb2 Bg1 47. Ba3 Bf2 48. Bc4 Be1 49. b5 cxb5 50. Bxb5 Bf2
51. Bb4 b6 52. Bc6 Bg1 53. Ke2 Bd4 54. Kd3 Bg1 55. Bd5 Bf2 56. Ke2 Bg1 57. Kd3
Bf2 58. Bf3 Bg1 59. Be2 Bf2 60. Ba3 Bg1 61. Bb4 Bf2 1/2-1/2

[Event "RUS-ch51"]
[Site "St Petersburg"]
[Date "1998.07.28"]
[Round "1"]
[White "Epishin, Vladimir"]
[Black "Popov, Valerij"]
[Result "1-0"]
[WhiteElo "2585"]
[BlackElo "2520"]
[Annotator "Lutz,C"]
[PlyCount "63"]
[EventDate "1998.07.28"]
[EventType "swiss"]
[EventRounds "11"]
[EventCountry "RUS"]
[SourceTitle "CBM 067"]
[Source "ChessBase"]
[SourceDate "1998.11.30"]
[SourceVersion "2"]
[SourceVersionDate "1998.11.01"]
[SourceQuality "1"]

1. d4 {Epishin} d5 2. c4 c6 3. Nc3 Nf6 4. e3 e6 5. Nf3 Nbd7 6. Qc2 Bd6 7. Bd3
O-O 8. Bd2 h6 {Eine Idee neueren Datums, die auch nach 8.0-0 angewandt wurde.
Schwarz bereitet ...b7-b6 vor und bringt daher vorsorglich den Ph7 in Deckung.
8...b6?! 9.e4 dxe4 10.Nxe4 Nxe4 11.Bxe4 verliert einen Bauern, während die
traurigen Folgen von 9...dxc4 in der Partie Bareev-Dreev zu beobachten sind.} (
8... b6 9. e4 dxc4 10. Bxc4 e5 11. O-O exd4 12. Nxd4 Ne5 13. Be2 Bc7 14. Nb3 b5
15. Rad1 Bb6 16. Bg5 Qe7 17. Kh1 h6 18. Bh4 Ng6 19. Bg3 b4 20. Bd6 Qe6 21. Na4
Re8 22. Nac5 {1-0 Bareev,E-Dreev,A/Presidents Cup 3.pl 1998/CBM 65/[Lutz]}) (
8... dxc4) (8... Qe7) 9. O-O b6 10. Rfe1 $146 {'N!' Epishin.} (10. e4 dxe4 (
10... dxc4 {Epishin} 11. Bxc4 e5 $11) 11. Nxe4 Nxe4 12. Bxe4 Bb7 13. Rfe1 Qc7
14. b4 c5 15. Bxb7 Qxb7 16. dxc5 bxc5 17. b5 {'+/=' Epishin.} Qc7 18. Bc3 Be7
19. a4 a5 20. Rad1 Rfd8 21. h3 Qb6 22. Rd2 Bf6 23. Bxf6 gxf6 24. Red1 Qc7 25.
Qc3 Kg7 26. Qe3 Nb6 27. Rxd8 Rxd8 28. Rxd8 Qxd8 29. Qxc5 Nxa4 30. Qd4 Qc7 31.
Nd2 Qc5 32. Qxc5 Nxc5 33. Kf1 Kf8 34. Ke2 Ke7 35. Kd1 Kd6 36. Kc2 f5 37. Nb3
Nb7 38. g3 e5 39. Kc3 f6 40. h4 h5 41. Nc1 Nc5 42. Nd3 Ne6 43. Kb3 f4 44. gxf4
e4 45. Nb2 Nxf4 46. Ka4 Nd3 47. Nd1 f5 48. Kxa5 f4 49. b6 Kc6 50. Ka6 Nc5+ 51.
Ka7 Nb7 52. Nc3 e3 53. f3 Nd6 54. Ka6 {1-0 Kuzmin,A-Avetisian,M/Erevan op 1996/
EXP 52}) 10... Bb7 11. e4 dxc4 $6 {...b7-b6 und ...e6-e5 paßt nicht zusammen.}
(11... dxe4 12. Nxe4 Nxe4 13. Bxe4 Qc7 {mit einer normalen Stellung.}) 12. Bxc4
$14 e5 13. h3 {'!' Epishin.} Qc7 14. Be3 Rad8 15. Rad1 exd4 {'?' Epishin.} (
15... Rfe8 $142 {Epishin}) 16. Nxd4 Bh2+ 17. Kh1 Bf4 $2 {Der Tausch der
schwarzfeldrigen Läufer mag wünschenswert sein, es gibt aber einen kleinen
Haken.} 18. Bf1 $2 {'+/-!' Epishin. Geht an seiner Chance vorbei.} (18. Bxf7+
$1 {(Fritz5)} Kxf7 (18... Rxf7 19. Ne6 $18) 19. Qb3+ Nd5 20. exd5 $18) (18. Qc1
{Epishin} Bxe3 19. Qxe3 b5 20. Bf1 b4 21. Na4 Rfe8 $15) 18... g6 $6 {Lediglich
eine Schwächung.} (18... Bxe3 19. Rxe3 Rfe8 {nebst ...Nf8-g6 sollte zu einer
ausgelichenen Stellung führen.}) (18... Rfe8 {Epishin} 19. Bxf4 Qxf4 20. g3 Qb8
21. Bg2 $16) 19. Qc1 Bxe3 20. Qxe3 Kh7 21. e5 {Wenn Weiß bei der vorliegenden
Bauernstruktur zu e4-e5 kommt, steht er gewöhnlich gut. Diese Partie ist keine
Ausnahme.} Rfe8 22. f4 a6 {'?' Epishin.} (22... Nf8 $142 {Epishin} 23. Qf2 Ng8)
23. Kg1 {'!' Epishin.} b5 $6 {Der Vormarsch des b-Bauern ist antipositionell.}
(23... c5 $14) (23... c5 {Epishin xd5} 24. Nf3 b5 25. Qf2 Nh5 26. Nh2 $1 $16)
24. Qf2 b4 25. Na4 Nd5 26. Nb3 $16 {'!' Epishin. Für den rückständigen
c-Bauern hat Schwarz keine Kompensation. Epishin: 'xc5'} Bc8 27. Bc4 N5b6 $2 {
'(+)?' Epishin.} (27... Bb7 $16) 28. Nxb6 Nxb6 29. Rxd8 Rxd8 30. Bxf7 $18 Rf8
31. e6 Nd5 32. f5 1-0

[Event "Goodricke op 12th"]
[Site "Kolkata"]
[Date "2001.02.09"]
[Round "4"]
[White "Shetty, Rahul"]
[Black "Ramesh, Ramachandran B"]
[Result "0-1"]
[WhiteElo "2331"]
[BlackElo "2467"]
[Annotator "Lutz,C"]
[PlyCount "60"]
[EventDate "2001.02.06"]
[EventType "swiss"]
[EventRounds "11"]
[EventCountry "IND"]
[SourceTitle "CBM 082"]
[Source "ChessBase"]
[SourceDate "2001.05.17"]
[SourceVersion "1"]
[SourceVersionDate "2001.05.17"]
[SourceQuality "1"]

1. Nf3 Nf6 2. c4 e6 3. Nc3 d5 4. d4 c6 5. e3 Nbd7 6. Qc2 Bd6 7. Bd3 O-O 8. O-O
dxc4 9. Bxc4 a6 10. a3 c5 11. dxc5 Bxc5 12. b4 Be7 13. Bb2 b5 14. Be2 Bb7 {
Die Stellung ist beinahe symmetrisch, aber der Nbd7 steht besser als der Nc3.}
15. Rac1 Rc8 16. Qb1 Bd6 17. Rfd1 Qe7 18. h3 h6 19. Nd2 Bb8 20. Nce4 Nxe4 21.
Nxe4 f5 22. Nd2 Ne5 23. Qa1 $2 {Es ist immer ein schlechtes Zeichen, wenn die
Dame so weit entfernt vom eigenen König ist.} (23. f4 $11 {verhindert ...Qg5
und sollte zu einer ungefähr ausgeglichenen Stellung führen.}) 23... Rxc1 24.
Rxc1 Qg5 $1 {Da haben wir den Salat.} 25. Bf1 f4 $1 26. Re1 (26. e4 f3 27. Rc2
fxg2 28. Bxg2 Nd3 {/\ ...Nf4}) 26... f3 $1 27. g3 {[%tqu "De","Wie kann
Schwarz seine Überlegenheit am Königsflügel ausnutzen ?","","","e5d3","",10]}
Nd3 $1 $19 {[%csl Rg3][%cal Yb8g3] Schwarz öffnet unter Springeropfer die
Diagonale b8-h2.} 28. Bxd3 Bxg3 29. Kh1 Bxf2 30. Bf1 (30. Rg1 Bxg1 31. Qxg1 f2+
) 30... Qg1# 0-1

[Event "EU-ch 2nd"]
[Site "Ohrid"]
[Date "2001.06.03"]
[Round "3"]
[White "Dautov, Rustem"]
[Black "Savchenko, Stanislav"]
[Result "1/2-1/2"]
[WhiteElo "2631"]
[BlackElo "2517"]
[Annotator "Lutz,C"]
[PlyCount "53"]
[EventDate "2001.06.01"]
[EventType "swiss"]
[EventRounds "13"]
[EventCountry "YUG"]
[SourceTitle "CBM 084"]
[Source "ChessBase"]
[SourceDate "2001.09.13"]
[SourceVersion "1"]
[SourceVersionDate "2001.09.13"]
[SourceQuality "1"]

1. d4 d5 2. c4 c6 3. Nf3 Nf6 4. e3 e6 (4... Bf5 {ist eigentlich die
Normalvariante hier.}) 5. Bd3 ({In der Normalzugfolge des Semi-Slawen kann
Weiß das von Schwraz gewählte System umgehen.} 5. Nc3 Nbd7 6. Bd3 Bd6 7. e4 $1
(7. O-O O-O 8. e4 dxc4 9. Bxc4 e5 {führt zur Partie.}) 7... dxc4 $6 (7... dxe4
8. Nxe4 $14 {, siehe Graf-Godena aus dem gleichen Turnier.}) 8. Bxc4 e5 9. dxe5
Nxe5 10. Nxe5 Bxe5 11. Qxd8+ Kxd8 12. Bxf7 $36) 5... Nbd7 6. O-O Bd6 7. Nc3 O-O
8. e4 dxc4 9. Bxc4 e5 {Durch die Bemühungen von Anand und Shirov ist dieses
System wieder populär geworden. Es ist sehr schwer für Weiß, einen Vorteil
nachzuweisen.} 10. Bg5 (10. Be3 Qe7 11. Bb3 (11. Qc2 exd4 12. Bxd4 Ne5 13. Nxe5
Bxe5 14. Bxe5 Qxe5 15. Be2 Be6 16. Rad1 Rad8 17. h3 Qc5 18. Rxd8 Rxd8 19. Rd1
Rd4 20. Rxd4 Qxd4 21. Qd3 Qxd3 22. Bxd3 Kf8 23. Kf1 {1/2-1/2 Marshall,
F-Alekhine,A/Hamburg 1910/HCL (23)}) 11... exd4 12. Bxd4 Ne5 13. Nxe5 Bxe5 14.
Bxe5 Qxe5 15. f4 Qc5+ 16. Kh1 Be6 17. Bxe6 fxe6 18. Qb3 Rae8 19. e5 Ng4 $5 20.
g3 Re7 21. Rae1 Qb6 22. Qa3 Rd7 23. Ne4 Rd4 24. Qe7 c5 25. Nd6 Qc6+ 26. Kg1 Qd5
$11 27. Qxb7 Qxb7 28. Nxb7 Rb8 29. Nxc5 Rxb2 30. Rd1 Rc4 31. Rc1 Rd4 32. Nxe6
Rdd2 33. Rc8+ Kf7 34. Ng5+ Ke7 35. Rc7+ Ke8 36. Nf3 Rg2+ 37. Kh1 Nxh2 38. Nh4
Nxf1 39. Nxg2 Nxg3+ 40. Kg1 Ne2+ 41. Kf1 Ng3+ 42. Kg1 {1/2-1/2 Ivanchuk,
V-Shirov,A/Montecatini Terme 2000/CBM 79/[Lutz] (42)}) 10... Qe7 11. h3 (11.
Re1 Rd8 12. Qb3 $5 exd4 13. e5 Nxe5 14. Ne4 $5 b5 $1 15. Nxd6 Nxf3+ 16. Qxf3
Qxd6 17. Bxb5 Bd7 18. Bd3 Re8 19. h3 Nd5 $17 {0-1 Lautier,J-Anand,V/Monaco
2000/CBM 75/[Lutz] (72)}) 11... Rd8 12. Qe2 h6 13. Be3 exd4 14. Bxd4 Ne5 15.
Bxe5 Bxe5 16. Nxe5 Qxe5 17. f4 Qd4+ 18. Kh2 Be6 19. Bxe6 fxe6 {[%csl Re6] Wir
haben eine ähnliche Bauernstruktur wie in Ivanchuk-Shirov (s.o.) erreicht. Der
Be6 ist eine leichte Schwäche, aber Schwarz steht aktiv genug.} 20. Rad1 Qb4
21. Rxd8+ Rxd8 22. e5 Nd5 $11 23. Qg4 Qe7 24. Rf3 Nxc3 25. bxc3 Rd5 26. Qg6 Qf7
27. Qe4 1/2-1/2

[Event "Hastings 9798"]
[Site "Hastings"]
[Date "1998.01.07"]
[Round "9"]
[White "Tkachiev, Vladislav"]
[Black "Relange, Eloi"]
[Result "1/2-1/2"]
[WhiteElo "2615"]
[BlackElo "2505"]
[Annotator "Lutz,C"]
[PlyCount "57"]
[EventDate "1997.12.29"]
[EventType "tourn"]
[EventRounds "9"]
[EventCountry "ENG"]
[EventCategory "13"]
[SourceTitle "CBM 063"]
[Source "ChessBase"]
[SourceDate "1998.03.26"]
[SourceVersion "1"]
[SourceVersionDate "1998.03.26"]
[SourceQuality "1"]

1. d4 d5 2. c4 c6 3. Nc3 Nf6 4. e3 e6 5. Nf3 Nbd7 6. Qc2 Bd6 7. Bd3 O-O 8. O-O
e5 {Diese Variante kam seit Karpov,A-Kramnik,V (Vienna Millenium 1996) aus der
Mode.} (8... dxc4) 9. cxd5 cxd5 10. e4 $1 dxe4 (10... exd4) 11. Nxe4 Nxe4 12.
Bxe4 h6 13. Be3 exd4 14. Bh7+ $1 Kh8 15. Bxd4 Nf6 16. Bf5 $14 Qa5 $146 (16...
Bxf5 {Karpov,A-Kramnik,V (Vienna Millenium 1996)}) 17. Bxc8 Rfxc8 18. Qb3 Qd5
19. Rfd1 $2 (19. Bxf6 Qxb3 20. Bxg7+ Kxg7 21. axb3 $16 {/\} Rc2 22. Nd4 Rxb2
23. Nf5+ $18) 19... Qxb3 20. axb3 Ne4 21. Bxa7 Rc2 22. Ra4 Bc5 23. Bxc5 Rxa4
24. bxa4 Nxc5 $11 25. h4 Nxa4 26. Rd7 Rxb2 27. Rxf7 Kg8 28. Rc7 b5 29. Nd4
1/2-1/2